000 00703nam a2200229 4500
003 OSt
005 20240730070538.0
006 a
008 240730b |||||||| |||| 00| 0 eng d
020 _a978137148431
040 _aDWCL-Main lib.
_cOC
082 _2Fifth edition
_aCirc. 620.0011 B639s 2011
100 _aBlanchard, Benjamin S.
245 _aSystems engineering and analysis /
250 _aFifth edition
260 _aBoston :
_bPearson Education, Inc.
_cc2011.
300 _b800 p. : ill. ;
_c23 cm.
504 _aIncludes bibliographical references & index.
650 _a1. Systems engineering.
650 _a2. Systems analysis.
942 _2ddc
_n0
_cBK-CIRC
_eFifth edition
_kCirc.
999 _c2975
_d2975